Samuel Terrien, The Psalms. Strophic Structure and Theological Commentary, Grand Rapids, Eerdmans, coll. « ECC series », 2003. 24 cm. xx-971 p. ISBN 0-8028-2605-9. $ 95 (notice n° 2222861)

détails MARC
000 -LEADER
fixed length control field 01893cam a2200169 4500500
005 - DATE AND TIME OF LATEST TRANSACTION
control field 20260426010740.0
041 ## - LANGUAGE CODE
Language code of text/sound track or separate title fre
042 ## - AUTHENTICATION CODE
Authentication code dc
100 10 - MAIN ENTRY--PERSONAL NAME
Personal name Hüllstrung, Wolfgang
Relator term author
245 00 - TITLE STATEMENT
Title Samuel Terrien, The Psalms. Strophic Structure and Theological Commentary, Grand Rapids, Eerdmans, coll. « ECC series », 2003. 24 cm. xx-971 p. ISBN 0-8028-2605-9. $ 95
260 ## - PUBLICATION, DISTRIBUTION, ETC.
Date of publication, distribution, etc. 2008.<br/>
500 ## - GENERAL NOTE
General note 48
520 ## - SUMMARY, ETC.
Summary, etc. S’il est un texte biblique que la littérature missionnaire du xixe siècle cite abondamment, c’est bien l’appel du Macédonien relaté dans le livre des Actes apôtres (16, 6-10). Figure du païen type, le Macédonien appelle les missionnaires à se rendre aussi bien dans les contrées du monde qui n’ont jamais reçu l’évangile que dans les banlieues des villes européennes qui l’ont oublié. Dans cette étude de deux cas d’appel du Macédonien, l’un venu du Lesotho, l’autre de Belleville, Jean-François Zorn* montre que cet appel fonctionne comme un mythe, car il relate l’origine inattendue et divine de la mission.
520 ## - SUMMARY, ETC.
Summary, etc. The nineteenth century missionary literature repeatedly quotes the story of the man of Macedonia who appeared to Paul asking him “Come over into Macedonia, and help us” (Acts 16:6-10). As a typical pagan figure he calls missionaries to go into far countries where the Gospel has never been announced or into the suburbia of Europe where it has been forgotten. Through the examination of two specific cases – a call to Lesotho and one to Belleville near Paris – Jean-François Zorn shows how that type of call, unexpected and of divine origin, functions like a myth.
786 0# - DATA SOURCE ENTRY
Note Études théologiques et religieuses | 83 | 2 | 2008-06-01 | p. 271f-279f | 0014-2239
856 41 - ELECTRONIC LOCATION AND ACCESS
Uniform Resource Identifier <a href="https://shs.cairn.info/revue-etudes-theologiques-et-religieuses-2008-2-page-271f?lang=fr&redirect-ssocas=7080">https://shs.cairn.info/revue-etudes-theologiques-et-religieuses-2008-2-page-271f?lang=fr&redirect-ssocas=7080</a>

Pas d'exemplaire disponible.

PLUDOC

PLUDOC est la plateforme unique et centralisée de gestion des bibliothèques physiques et numériques de Guinée administré par le CEDUST. Elle est la plus grande base de données de ressources documentaires pour les Étudiants, Enseignants chercheurs et Chercheurs de Guinée.

Adresse

627 919 101/664 919 101

25 boulevard du commerce
Kaloum, Conakry, Guinée

Réseaux sociaux

Powered by Netsen Group @ 2025